Quizzes
Events
Quiz Creation
Community
Videos
Private Events
Remove Ads
Sign In
Join for FREE
Feedback
Dark Mode
Quiz Categories
Sports
Geography
Music
Movies
Television
Just For Fun
Miscellaneous
History
Literature
Language
Science
Gaming
Entertainment
Religion
Holiday
For Kids
Quiz Lab
Recent
Popular Today
Quiz Kudos Today
Editor Picks
Curator Picks
Quizzes by...
Day
Popularity
Type
Ratings
Length
Year
Community
Subscriptions
Recent Discussions
Orange Saloon
Badges
Playlists
Quests
Create
Leaderboards
Showdown
Live 5
Trivia Bingo
Activity
Puzzle Library
Sporcle Events
Private Events
Virtual Trivia
Globe League
Become a Host
Pub Owners
SporcleCon
Opinionation
Our Games
Videos
Blog
Mobile Apps
Partnerships
Remove Ads and Go Orange
Feedback
Entertainment
Celebrity
Famous
Musical
Broadway
Show
Quote
Comic Books
Anime
Superhero
DC Comics
Marvel
Cartoons
Animation
Entertainment
Celebrity
Famous
Musical
Broadway
Show
Quote
Comic Books
Anime
Superhero
DC Comics
Marvel
Cartoons
Animation
Random Quiz
Search Sporcle
×
Quiz Lab
Quiz Lab
Entertainment
Brittany Murphy
Type in answers that appear in a list
Type in answers that appear in a list
Classic
Best Score? Go Orange.
Brittany Murphy trivia Stats
Can you name the facts about the late Brittany Murphy?
By
alidee
4m
17 Questions
113 Plays
113 Plays
113 Plays
Comments
Comments
Give Quiz Kudos
Give Quiz Kudos
-
- Ratings
hide this ad
Replay
Link that replays current quiz
Next Quiz
Link to next quiz in quiz playlist
You Got
0%
They Got
Avg Score
41%
Avg Friend Score
Upgrade to see
Score Distribution
Jump to the score distribution portion of the page
Score
0/17
Timer
04:00
0
Plays Today
All about...
Brittany Murphy...
% Correct
Her big movie break came in 1995 in
Clueless
80.5%
Before she got down and dirty with who in 8 Mile?
Eminem
78.8%
Who was her major co-
star?
Dakota Fanning
59.3%
Her Clueless character (first) name was
Tai
55.8%
In which movie did she play Daisy?
Girl, Interrupted
52.2%
Name one of the TV shows in which she provided a voice over
King of the Hill or Pepper Ann
50.4%
Name one of the movies in which she provided a voice over
Happy Feet or Good Boy or Futurama
46%
She was Drew Barrymore's on-
set best friend in
Riding in Cars with Boys
39.8%
She also appeared alongside Joey Lawrence in
Blossom
37.2%
All about...
Brittany Murphy...
% Correct
Complete the Clueless quote: Why should I listen to you anyway... (6 words)
You're a virgin who can't drive
32.7%
Brittany was born in this US city
Atlanta
29.2%
And appeared alongside Neve Campbell in
Party of Five
29.2%
Who was her major co-
star when she played the disturbed Elisabeth Burrows?
Michael Douglas
28.3%
Who did Brittany marry in 2007?
Simon Monjack
26.5%
What was Brittany's character name in Uptown Girls?
Molly Gunn
22.1%
Name the song Brittany released with Paul Oakenfold in 2006
Faster Kill Pussycat
22.1%
Her first TV appearance was in...
Murphy Brown
15%
Quiz Playlist
Details
Report
Send in Message
Add To Playlist
Classic:
Type in answers that appear in a list
Last Updated: Feb 16, 2017
Quiz Scoreboard
CHALLENGE
Sign Up to Join the Scoreboard
Show All
Scores
Hide
Comments
May contain spoilers
Recently Published
Movies - When Are They Set?
by FPL_Elf
Movies
5m
Popular People in 1961
by mucciniale
History
6m
1-10 Letter E Words III
by El_Dandy
Language
2m
More to Explore
Quiz From the Vault
Featured Blog Post
Where Did the Easter Bunny Come From?
hide this ad
You Might Also Like...
Tags
Brittany
Brittany Murphy
late
Murphy
Today's Top Quizzes in Entertainment
Browse Entertainment
hide this ad
Top Contributed Quizzes in Entertainment
1
Kamen Rider Motifs
2
Dragon Ball Z: Goku's Fights in Order
3
Dragon Ball Z: Mega Character Search
4
One Piece Arcs By Order III
5
Marvel Characters Bunker
6
Criteria Quickie: Cartoon Taxonomy II
7
Undead Unluck Minefield
8
Survivor Winners Logic Quiz
9
JoJo's Bizarre Logic Quiz
10
Ana Gasteyer or Kathryn Hahn?
Explore More
Trending Topics
Marvel
NBA
Disney
Crossword
Kpop
Anime
Harry Potter
WWE
Soccer
Country
Puzzle
NFL
Song
The Office
Pokémon
hide this ad
More By:
alidee
Quiz
Plays
Rating
Category
Featured
Created
Mixed Word: Mystery Country II
61,667
4.37
Just For Fun
Oct 7, 2009
Mixed Word: Mystery Country
60,372
4.36
Just For Fun
Oct 6, 2009
Around the world in 60 seconds *HARD*
10,794
1.81
Geography
Aug 10, 2010
Geography Family Feud
9,934
2.00
Geography
Mar 18, 2010
Family Feud
9,500
2.85
Miscellaneous
Dec 1, 2009
Go to Creator's Profile
Score Distribution
Quiz Creator Spotlight
alidee
Follow
Send a Message
Quizzes Created
-
Created Quiz Play Count
-
More By This Creator
Popular Quizzes Today
1
Find the Countries of Europe - No Outlines Minefield
2
Find the US States - No Outlines Minefield
3
The Countries of the World
4
Popular People in 1961
5
US States
6
1-10 Letter E Words III
7
Find the US States
8
One Thing in Common: World Cities II
More Entertainment Quizzes
Color Blitz - Marvel Characters
Published
Trending Quizzes
Risky Map Clicking: Least Populous States A-Z
1-10 Letter F Words
Humor Books: The Subtitles
1-10 Letter G Words
One Thing in Common: United Kingdom
Recently Updated
Leaping Animals
pecheneg
Reality TV Shows (A-Z)
bhenderson79
Rickey Henderson's Hall of Fame Teammates
pecheneg
Champions League XIs: Arsenal
pecheneg
Quick Pick: Celebrities in WWE's Hall of Fame
aduchscher
A-Z Keypad Blitz II
pecheneg
Multiple Oscar Actors
pecheneg
Mystery Phrase Blitz: Oscar 'Best Actors'
pecheneg
F. Scott Fitzgerald Novels
LTH
Pick 3 Villains
ddd62291
Trending Topics
NBA
Harry Potter
Disney
Anime
Kpop
Marvel
Crossword
NFL
The Office
Pokémon
Country
Song
Puzzle
WWE
Soccer
Your Account Isn't Verified!
In order to create a playlist on Sporcle, you need to verify the email address you used during registration. Go to your
Sporcle Settings
to finish the process.
Report this User
Report this user for behavior that violates our
Community Guidelines
.
Details:
Send Report
Go to the Sporcle.com Mobile Site →
Comments